[Event "Mittelfranken-chTB2a 1920"]
[Site "Mittelfranken"]
[Date "2019.11.03"]
[Round "2.8"]
[White "Schuehlein, Hermann"]
[Black "Zimmer, Maximilian"]
[Result "1/2-1/2"]
[WhiteElo "1392"]
[BlackElo "1479"]
[PlyCount "32"]
[EventDate "2019.10.13"]
[EventType "team-tourn"]
[EventRounds "9"]
[EventCountry "GER"]
[SourceTitle "EXT 2023"]
[Source "ChessBase"]
[SourceDate "2022.10.05"]
[SourceVersion "1"]
[SourceVersionDate "2022.10.05"]
[SourceQuality "1"]
[WhiteTeam "Cadolzburg"]
[BlackTeam "Heideck/Hilpoltstein II"]
[WhiteTeamCountry "GER"]
[BlackTeamCountry "GER"]

1. d4 d5 2. Nf3 c5 3. g3 e6 4. Bg2 Nc6 5. 0-0 Nf6 6. a3 b6 7. b3 Bb7 8. Bb2 Be7 9. c4 dxc4 10. bxc4 Nxd4 11. Nxd4 Bxg2 12. Kxg2 cxd4 13. Bxd4 0-0 14. e3 Qd7 15. Qb3 Ne4 16. f3 Nf6 1/2-1/2